Cities to Countries - Statistics

General Stats
  • This quiz has been taken 36 times
  • The average score is 19 of 30
Answer Stats
City Country % Correct
Rabat Morocco
97%
Salt Lake City USA
97%
Salzburg Austria
86%
Sao Paulo Brazil
86%
Yekaterinburg Russia
86%
Lucknow India
79%
Basrah Iraq
79%
Montego Bay Jamaica
79%
Trondheim Norway
79%
Krong Siem Riap Cambodia
76%
Timbuktu Mali
76%
Caen France
72%
Bari Italy
72%
Kinshasa DRC
66%
Cluj-Napoca Romania
66%
Gaziantep Türkiye
66%
Merida Mexico
62%
Cusco Peru
62%
Coimbra Portugal
59%
Balikpapan Indonesia
55%
Al Ain UAE
55%
Oulu Finland
52%
Tataouine Tunisia
48%
Mazar-i-Sharif Afghanistan
41%
Naha Japan
41%
Bundaberg Australia
38%
Kumasi Ghana
38%
David Panama
34%
Bulawayo Zimbabwe
28%
Banana Kiribati
10%
No matching quizzes found
Score Distribution
Percent of People with Each Score
Percentile by Number Answered
Your Score History
You have not taken this quiz